| 000 | 00498nam a2200181 i 4500 | ||
|---|---|---|---|
| 001 | 141459 | ||
| 003 | ES-MaACL | ||
| 005 | 20230906200310.0 | ||
| 007 | t| | ||
| 008 | 070924s1971 sp ||||1| spa d | ||
| 080 | _a159.925.6(02) | ||
| 100 | 1 |
_aVillaverde Cano, José Luis. _9115184 |
|
| 245 | 1 | 0 |
_aGrafología para todos / _cJosé Luis Villaverde Cano. |
| 260 |
_aMadrid : _bParaninfo, _c1971. |
||
| 300 |
_a140 p. ; _c21 cm. |
||
| 650 |
_aGrafología. _913152 |
||
| 852 | 4 |
_aES-MaACL _jC-47784 |
|
| 999 |
_c141459 _d141459 |
||